000 00197 a2200085 4500
020 _a‎9789881887498
100 _a George Lam
245 _aRestaurant Design 101
260 _bPace Publishing Ltd
_c2011
999 _c13637
_d13637